| 000 | 00860cam a2200265 4500 | ||
|---|---|---|---|
| 999 |
_c6283 _d6283 |
||
| 001 | 289321 | ||
| 003 | GBCCL | ||
| 005 | 20241126110559.0 | ||
| 008 | 680301r19671855enk 000 0 eng | ||
| 015 | _aB67-21058 | ||
| 040 |
_aDLC _cDLC _dDLC |
||
| 050 | 0 | 0 |
_aBS1245.2 _b.L3 1967 |
| 082 | 0 | 0 |
_a222.12 _bLAW |
| 100 | 1 |
_aLaw, Henry _d1797-1884. _911255 |
|
| 240 | 1 | 0 |
_aChrist is all: the Gospel of the Old Testament. _nV. 2 |
| 245 | 1 | 4 |
_aThe Gospel in Exodus / _cHenry Law |
| 260 |
_aLondon: _bBanner of Truth Trust, _c1967. |
||
| 300 |
_a158 p. _c19 cm. |
||
| 350 | _a5/- | ||
| 500 | _aOriginally published as Christ is all: the Gospel of the Old Testament. Vol. 2. London, Hamilton, Adams, 1855. | ||
| 630 | 0 | 0 |
_aBible. _pExodus _xTheology. _911256 |
| 650 |
_aBible _xExodus _911257 |
||
| 906 |
_a7 _bcbc _corignew _du _encip _f19 _gy-gencatlg |
||
| 942 |
_2ddc _cBK _01 |
||